000 00442nam a22001457a 4500
999 _c478697
_d478697
003 NUST
005 20180709100103.0
008 180709b ||||| |||| 00| 0 eng d
038 _a0
082 _a951
245 _aTraditional Chinese Medicine in Chinese Culture
_cMinistry of Culture of the People's Republic of China
260 _a China
_bMinistry of Culture of the People's Republic of China
_c2010
300 _a147p
942 _2ddc
_cBK